| 000 | 00879cad a22002175a 4500 | ||
|---|---|---|---|
| 001 | E153803 | ||
| 008 | 110906s2011 xxk f s000 0 eng d | ||
| 020 | _a9781780453781 | ||
| 035 | _a(Sirsi) u153803 | ||
| 041 | 0 | _aeng | |
| 110 | 2 |
_aScotland _bScottish Government _95344 |
|
| 245 | 0 | 2 |
_aScottish greenhouse gas emissions 2009 _h[electronic resource] |
| 260 |
_aEdinburgh _bScottish Government _c2011 |
||
| 520 | _aSets out estimates of Scottish greenhouse gas emissions for 2009. Reports that between 1990 and 2009, Scottish greenhouse gas emissions fell by 28.9%. | ||
| 521 | _aAdvanced | ||
| 590 | _aKA | ||
| 651 | 4 |
_aScotland _y1999- |
|
| 690 | _aENVIRONMENTAL AND LAND CONSULTANCY-ENERGY-ENERGY USE-ENERGY EFFICIENCY | ||
| 856 | 4 | 0 |
_uhttps://www.scotland.gov.uk/Publications/2011/09/05094939/0 _zView the publication free of charge at www.scotland.gov.uk |
| 942 | _n0 | ||
| 999 |
_c112707 _d112707 |
||